A masque for the queen / (Record no. 9532)

MARC details
000 -LEADER
fixed length control field 01398nam a22003017a 4500
001 - CONTROL NUMBER
control field 9532
003 - CONTROL NUMBER IDENTIFIER
control field FISKH
005 - DATE AND TIME OF LATEST TRANSACTION
control field 20260120092618.0
008 - FIXED-LENGTH DATA ELEMENTS--GENERAL INFORMATION
fixed length control field 260120b cb ||||| |||| 00| 0 eng d
020 ## - INTERNATIONAL STANDARD BOOK NUMBER
International Standard Book Number 241018722
040 ## - CATALOGING SOURCE
Original cataloging agency FISKH
Language of cataloging eng
Transcribing agency FISKH
Modifying agency FISKH
082 ## - DEWEY DECIMAL CLASSIFICATION NUMBER
Classification number 823.91
100 ## - MAIN ENTRY--PERSONAL NAME
Personal name Trease , Geoffrey
245 ## - TITLE STATEMENT
Title A masque for the queen /
Statement of responsibility, etc. By Geoffrey Trease : Illustrated by Krystyna Turska
250 ## - EDITION STATEMENT
Edition statement First published in Great Britain 1970
260 ## - PUBLICATION, DISTRIBUTION, ETC.
Place of publication, distribution, etc. London :
Name of publisher, distributor, etc. Hamist Hamilton ,
Date of publication, distribution, etc. 1970 .
300 ## - PHYSICAL DESCRIPTION
Extent 87 pages :
Other physical details illustrations ;
Dimensions 19 cm .
505 ## - FORMATTED CONTENTS NOTE
Formatted contents note X <br/>
520 ## - SUMMARY, ETC.
Summary, etc. The novel is set in Elizabethan England during the reign of Queen Elizabeth I. It follows a young man who becomes involved in preparing a court masque for the Queen. What begins as a theatrical project soon draws him into dangerous political intrigue, as the masque is linked to secret plots and rivalries at court. Through his experiences, he learns about loyalty, courage, and the hidden power of art. The story combines historical detail with adventure, showing how theatre and politics were closely connected in Elizabethan times.
521 8# - TARGET AUDIENCE NOTE
Target audience note 890 <br/>
Source Lexile estimate <br/>
521 8# - TARGET AUDIENCE NOTE
Target audience note X <br/>
Source Raz-Plus <br/>
650 ## - SUBJECT ADDED ENTRY--TOPICAL TERM
Topical term or geographic name entry element Play
Form subdivision Fiction
650 ## - SUBJECT ADDED ENTRY--TOPICAL TERM
Topical term or geographic name entry element Scan
Form subdivision Fiction
650 ## - SUBJECT ADDED ENTRY--TOPICAL TERM
Topical term or geographic name entry element Adventure
Form subdivision Fiction
700 ## - ADDED ENTRY--PERSONAL NAME
Personal name Turska , Krystyna
Relator term Illustrator
942 ## - ADDED ENTRY ELEMENTS (KOHA)
Source of classification or shelving scheme Dewey Decimal Classification
Koha item type Books
Suppress in OPAC No
Holdings
Withdrawn status Lost status Source of classification or shelving scheme Damaged status Not for loan Collection Home library Current library Shelving location Date acquired Total Checkouts Full call number Barcode Date last seen Price effective from Koha item type
    Dewey Decimal Classification     Fiction Footprints International School Library Network Toul Tom Poung Campus Footprints International School Library Network Toul Tom Poung Campus TTP Secondary Fiction Bookshelves 01/20/2026   TRE 823.91 FIS00758 01/20/2026 01/20/2026 Books